Nuevo diccionario lunfardo /
Guardado en:
| Autor Principal: | |
|---|---|
| Formato: | Libro |
| Publicado: |
Buenos Aires :
Corregidor,
1991
|
| Materias: | |
| Etiquetas: |
Agregar Etiqueta
Sin Etiquetas, Sea el primero en etiquetar este registro!
|
| LEADER | 00559nam a22002055a 4500 | ||
|---|---|---|---|
| 001 | CEM.cems008956 | ||
| 005 | 20090916115211.0 | ||
| 008 | 130507s1991##################000#0#####d | ||
| 003 | CEMS | ||
| 020 | |a 9500505658 | ||
| 082 | 0 | 4 | |a C467.903 |
| 100 | 1 | |a Gobello, José | |
| 245 | 1 | 0 | |a Nuevo diccionario lunfardo / |c José Gobello |
| 260 | |a Buenos Aires : |b Corregidor, |c 1991 | ||
| 300 | |a 284 p. | ||
| 653 | |a Diccionarios | ||
| 653 | |a Lundardo | ||
| 653 | |a Diccionario-lunfardo | ||
| 653 | |a Tango | ||
| 859 | |a CEMS |b BIB. CEMS - 11 de abril |h C467.903 |i G536 |p 18527.95 |t Ej.1 | ||
